La Consultoría de empresas: Guía para la profesión / Milan Kubr (Registro nro. 26973)

Detalles MARC
000 -LÍDER
fixed length control field 00419nam a2200145 4500
020 ## - NÚMERO INTERNACIONAL NORMALIZADO PARA LIBROS
ISBN 978-968-18-5908-4
050 ## - SIGNATURA TOPOGRAFICA DE LA BIBLIOTECA DEL CONGRESO (LC)
Número de Clasificación HD69.C6 K79918 2010
082 ## - NUMERO DE CLASIFICACION DECIMAL DEWEY
Número de Clasificación 658.46 K95c
100 ## - ASIENTO PRINCIPAL--NOMBRE PERSONAL
Nombre personal Kubr, Milan
245 ## - TÍTULO
Título La Consultoría de empresas: Guía para la profesión / Milan Kubr
250 ## - MENCIÓN DE EDICIÓN
Mención de edición 3
260 ## - PUBLICACIÓN, DISTRIBUCIÓN, ETC. (PIE DE IMPRENTA)
Lugar de publicación, distribución, etc. México : Limusa
300 ## - DESCRIPCIÓN FÍSICA
Extensión xxviii, 956 p. / 24 cm.
650 ## - ASIENTO SECUNDARIO DE MATERIA - TERMINO TEMÁTICO
Término temático o nombre geográfico como elemento de entrada 1. ADMINISTRACIÓN / 2. CONSULTORIA DE EMPRESAS
Existencias
No. biblioteca No. biblioteca Número de clasificación Código de barras/Número de adquisición Número de copia Tipo de material
AREA DE ADMINISTRACIÓN AREA DE ADMINISTRACIÓN 658.46 K95c 51196 1 Libros
AREA DE ADMINISTRACIÓN AREA DE ADMINISTRACIÓN 658.46 K95c 51197 2 Libros
AREA DE ADMINISTRACIÓN AREA DE ADMINISTRACIÓN 658.46 K95c 51413 3 Libros
AREA DE ADMINISTRACIÓN AREA DE ADMINISTRACIÓN 658.46 K95c 51414 4 Libros
AREA DE ADMINISTRACIÓN AREA DE ADMINISTRACIÓN 658.46 K95c 51415 5 Libros
Calzada Tecnológico # 27, Zacatepec, Morelos.
01(734) 343-07-23 / 343-21-10 / 343-21-11
Apdo. Postal 45 C.P 62780